| 000 | 00636nam a2200217 i 4500 | ||
|---|---|---|---|
| 001 | 142749 | ||
| 003 | ES-MaACL | ||
| 005 | 20250814052730.0 | ||
| 007 | t| | ||
| 008 | 071009s1972 sp ||||1| spa d | ||
| 080 | _a159.962 | ||
| 100 | 1 |
_aVidal, Pedro. _9114454 |
|
| 245 | 1 | 0 |
_aCómo conseguir hipnotizar / _cPedro Vidal. |
| 260 |
_aBarcelona : _bDe Vecchi, _c[1972] |
||
| 300 |
_a163 p. ; _c19 cm. |
||
| 490 | 1 |
_aManuales De Vecchi de Parapsicología ; _v8 |
|
| 650 | 1 | 4 |
_aHipnosis. _913363 |
| 830 | 0 | 0 |
_aManuales De Vecchi de parapsicología _v8 _9220509 |
| 852 |
_aES-MaACL _jC-50136 _bR.82234 |
||
| 999 |
_c142749 _d142749 |
||